000 00597nam a2200205Ia 4500
005 20250508163034.0
008 008 250505s9999 xx 000 0 eng d
020 _a0-88410-374-9
037 _aTextual
040 _aFEDL
_beng
_cFEDL
041 _aeng
_2eng
084 _a155.3, ROB
_qFEDL
100 _aRoberts Elizabeth J.
_9774599
245 0 _aChildhood sexual learning : The unwritten curriculum
260 _aCambridge
_bBallinger Publishing Company
_c1980
300 _axvi,287p.
650 _aPersonality
942 _cTEXL
_h155.3, ROB
999 _c1380433
_d1380433